| 000 | 00586nam a22001937a 4500 | ||
|---|---|---|---|
| 999 |
_c174157 _d174157 |
||
| 005 | 20200522121024.0 | ||
| 010 | _aENG-128096 | ||
| 020 |
_c575.00 _a9789385606250 |
||
| 035 | _aEN-111628 | ||
| 037 | _bDBAD/PUB | ||
| 082 | _aN | ||
| 100 | _aChughtai,Ismat | ||
| 245 |
_aOne Drop of Blood: _cby Ismat Chughtai; translated by Tabira Naqvi _bthe story of karbala a novel |
||
| 260 |
_aNew Delhi _bWomen Unlimited _c2020 |
||
| 270 |
_a7/10, First floor, Sarvapriya Vihar _bNew Delhi _e110016 |
||
| 300 |
_axxvii;410p. _c22cm(pbk) |
||
| 700 | _aNaqvi,Tahira | ||
| 942 |
_2ddc _cEN _hN _mCHU |
||